| 000 | 01215nam a2200253Ia 4500 | ||
|---|---|---|---|
| 008 | 0000002003 usad 0000000000eng00 | ||
| 090 | _aPUS00 A52a | ||
| 245 | 1 | 0 |
_aAndy Warhol _b: vanishing animals _c/ photos Christopher Makos |
| 300 |
_a[52] p. _c/ 31 cm. |
||
| 500 | _aExposición realizada en Lococo Fine Art, San Luis, Misuri, mayo 3 a junio 22 de 2003 \ Incluye índice de obras \ Registro auspiciado por la FGAA. Bogotá | ||
| 505 | _aOBRAS : Puerto Rican parrot Butterflies Sumatra's rhinocerous Mouse armadillo Wooping crane Galapagos tortoise La Plata River dolhpin Gian chaco peccary Komodo monitor Douc langur Sommerring's gazelle Butterfly Okapi California condor Bat | ||
| 600 | 0 | 0 |
_aWARHOL, ANDY, 19281987/ _xTRABAJOS PICTORICOS |
| 650 | 1 | 4 | _aANIMALES EN EL ARTE |
| 650 | 1 | 4 | _aARTE CONTEMPORANEO ESTADOUNIDENSE |
| 650 | 1 | 4 | _aARTE POP ESTADOUNIDENSE |
| 650 | 1 | 4 | _aARTISTAS PLASTICOS ESTADOUNIDENSES |
| 650 | 1 | 4 | _xCATALOGOS |
| 650 | 1 | 4 | _xEXPOSICIONES |
| 650 | 1 | 4 | _aEXPRESIONISMO ABSTRACTO |
| 650 | 1 | 4 | _aPINTORES ESTADOUNIDENSES |
| 650 | 1 | 4 | _aPINTURA ESTADOUNIDENSE |
| 700 | 1 | _aMakos, Christopher | |
| 999 |
_c10636 _d10636 |
||
| 260 |
_aSan Luis (Misuri) : Lococo Fine Art _c2003 |
||